Aerial photography service online (Record no. 73458)
[ view plain ]
| 000 -LEADER | |
|---|---|
| fixed length control field | 01013cam a2200169 4500 |
| 001 - CONTROL NUMBER | |
| control field | WB3936-14 |
| 008 - FIXED-LENGTH DATA ELEMENTS--GENERAL INFORMATION | |
| fixed length control field | 030925n2003 000 0 eng u |
| 035 ## - SYSTEM CONTROL NUMBER | |
| System control number | (Sirsi) u123721 |
| 245 ## - TITLE STATEMENT | |
| Title | Aerial photography service online |
| 260 ## - PUBLICATION, DISTRIBUTION, ETC. | |
| Date of publication, distribution, etc. | 2003 |
| 490 ## - SERIES STATEMENT | |
| Series statement | RICS News Service |
| Volume/sequential designation | 24 September 2003 (1) |
| 520 ## - SUMMARY, ETC. | |
| Summary, etc. | RICS Books, in partnership with Getmapping plc, can now offer RICS members via the RICS Books website immediate access to the most comprehensive UK aerial photography database ever created. Any area of interest can be previewed online prior to purchase and is available in either high-resolution digital form or hard copy aerial photo print. RICS members will receive a special introductory discount with this service. Further information is available at http://www.ricsbooks.com/getmapping/. http://www.rics.org/ricscms/bin/show?class=News&template=/includes/shownews.html&id=7067&faculty=RICS |
| 590 ## - LOCAL NOTE (RLIN) | |
| Local note | WB |
| 650 ## - SUBJECT ADDED ENTRY--TOPICAL TERM | |
| Topical term or geographic name entry element | AERIAL PHOTOGRAPHY |
| 690 ## - LOCAL SUBJECT ADDED ENTRY--TOPICAL TERM (OCLC, RLIN) | |
| Topical term or geographic name as entry element | MAPPING AND MEASUREMENT |
| 942 ## - ADDED ENTRY ELEMENTS (KOHA) | |
| Suppress in OPAC | 0 |
| Withdrawn status | Lost status | Source of classification or shelving scheme | Damaged status | Not for loan | Home library | Current library | Shelving location | Date acquired | Total Checkouts | Full call number | Barcode | Date last seen | Copy number | Price effective from | Koha item type |
|---|---|---|---|---|---|---|---|---|---|---|---|---|---|---|---|
| Dewey Decimal Classification | London | London | News article | 25/09/2003 | WB3936-14 | 123721-1001 | 06/08/2019 | 1 | 06/08/2019 | News article |